| 000 | 01182nam0a22002531 4500 | ||
|---|---|---|---|
| 001 | rc\3056175 | ||
| 005 | 20250530025244.0 | ||
| 035 | _a(NLR Aleph) 007195216 | ||
| 090 |
_a7577594 _c7577594 |
||
| 100 | _a20111011g1940 |||y0rusy50 ca | ||
| 101 | 0 | _arus | |
| 102 | _aRU | ||
| 105 | _ay z ||||| | ||
| 200 | 1 |
_aИнформационно-технический бюллетень _fОтв. ред. А.В. Буко _gСССР. М-во судостроительной пром-сти. Центр. конструкторское бюро стандартизации |
|
| 210 |
_a[Ленинград] _cБ. и. _d1940- |
||
| 215 | _d26 см | ||
| 300 | _aПеречень имеющихся в библиотеке томов, номеров, годов этого издания смотри в каталоге периодических изданий | ||
| 702 | 1 |
_aБуко _bА.В. _4340 |
|
| 710 | 0 | 2 |
_aСССР _bМинистерство судостроительной промышленности _bЦентральное бюро стандартизации |
| 801 | 0 |
_aRU _bNLR _gpsbo |
|
| 801 | 1 |
_aRU _bELAR _2rusmarc |
|
| 852 |
_aNLR _jП11/649 |
||
| 942 | _cBOOK | ||
| 980 | _aNB | ||